| 000 | 00428nam a2200169Ia 4500 | ||
|---|---|---|---|
| 008 | 180921t2019 xxu||||| |||| 00| 1 sin d | ||
| 041 | _asin | ||
| 080 |
_aX8C31 _bEKA |
||
| 100 | _aEkanayaka, Aradhana | ||
| 245 | _aපතිබ්බතා | ||
| 246 | _aPathibbatha | ||
| 260 |
_bSayura Prakashana _aKiriwaththuduva _c2019 |
||
| 300 | _a280p., 21cm | ||
| 942 | _cBK | ||
| 999 |
_c8234 _d8234 |
||
| 003 | LK-CoDNM | ||
| 040 |
_aLK-CoDNM _dLK-CoDNM _eLK-CoDNM |
||